| 000 | 00633nam a22002177a 4500 | ||
|---|---|---|---|
| 005 | 20240131164653.0 | ||
| 010 | _aENG-138835 | ||
| 020 |
_c115.00 _a9789350690116 |
||
| 035 | _aEN-122367 | ||
| 037 | _bDBAD/PUB | ||
| 082 | _a821.08 | ||
| 100 |
_aSavkur, Rao Suresh _961488 |
||
| 245 | _aAdi Shankara's Bhaja Govindam / | ||
| 250 | _aFirst | ||
| 260 |
_aPuttaparthi _bPublications Divisions _c2012 |
||
| 270 |
_bPuttaparthi _aPrasanthi Nilayam, Puttaparthi |
||
| 300 |
_a176p. _c22cm(pbk) |
||
| 700 |
_aMishra Abhishek _960728 |
||
| 710 |
_aRoma Chatterjee _eEditor _959600 |
||
| 942 |
_2ddc _cEN _h821.08 _mSAV |
||
| 999 |
_c200039 _d200039 |
||